[Event "Mumbai Wealth op U13"]
[Site "Mumbai"]
[Date "2016.01.29"]
[Round "2"]
[White "Khandelwal, Krisha"]
[Black "Nanditha, V."]
[Result "0-1"]
[WhiteElo "1203"]
[BlackElo "1584"]
[PlyCount "64"]
[EventDate "2016.01.28"]
[EventType "swiss"]
[EventRounds "9"]
[EventCountry "IND"]
[SourceTitle "CBM 170 Extra"]
[Source "ChessBase"]
[SourceDate "2016.02.25"]
[SourceVersion "1"]
[SourceVersionDate "2016.02.25"]
[SourceQuality "1"]

1. e4 c6 2. d4 d5 3. exd5 cxd5 4. c4 Nf6 5. Nc3 Nc6 6. Bg5 dxc4 7. Nf3 h6 8. Bf4 e6 9. Bxc4 Bb4 10. 0-0 0-0 11. Bd3 Nd5 12. Nxd5 exd5 13. Bc2 Re8 14. a3 Bd6 15. Bxd6 Qxd6 16. Qd3 g6 17. Nh4 Qf6 18. Nf3 Bf5 19. Qd2 Bxc2 20. Qxc2 Nxd4 21. Nxd4 Qxd4 22. Rad1 Qe4 23. Qd2 Kg7 24. Qxd5 Qxd5 25. Rxd5 Re2 26. Rb5 b6 27. Rd1 Rc8 28. b4 Rd8 29. Rf1 Rd6 30. g3 a6 31. Rxb6 Rxb6 32. Kg2 Rf6 0-1